La autodeterminación de la persona con discapacidad y la operatividad de los sistemas de apoyos : (Registro nro. 5805)
[ vista simple ]
| 000 -LEADER | |
|---|---|
| fixed length control field | 01353nab a22002057a 4500 |
| 003 - CONTROL NUMBER IDENTIFIER | |
| control field | OSt |
| 005 - DATE AND TIME OF LATEST TRANSACTION | |
| control field | 20260106211752.0 |
| 008 - FIXED-LENGTH DATA ELEMENTS--GENERAL INFORMATION | |
| fixed length control field | 190514b xxu||||| |||| 00| 0 spa d |
| 040 ## - CATALOGING SOURCE | |
| Transcribing agency | PJ |
| 100 ## - MAIN ENTRY--PERSONAL NAME | |
| 9 (RLIN) | 6715 |
| Personal name | Closs Saracho, Erhard Otto Oscar |
| 245 13 - TITLE STATEMENT | |
| Title | La autodeterminación de la persona con discapacidad y la operatividad de los sistemas de apoyos : |
| Remainder of title | hacia una implementación efectiva / |
| Statement of responsibility, etc | Erhard Otto Oscar Closs Saracho, María Laura Alonso. |
| 300 ## - PHYSICAL DESCRIPTION | |
| Extent | p. 175-184 |
| 505 ## - FORMATTED CONTENTS NOTE | |
| Formatted contents note | Sumario: I. Importancia del tema.— II. Del viejo sistema de sustitución de la capacidad.— III. Hacia el nuevo paradigma de toma de decisiones asistida.— IV. Los sistemas de apoyo para la toma de decisiones.— V. Designación autónoma de apoyos en nuestro ordenamiento interno.— VI. El deber del Estado en la conformación de los sistemas de apoyo. Su regulación y la experiencia en la provincia de Neuquén.— VII. El rol del Ministerio Público en el contralor del sistema de apoyo.— VIII. Reflexiones finales. |
| 505 ## - FORMATTED CONTENTS NOTE | |
| Title | Si te interesa el texto, comunicate a koha@justierradelfuego.gov.ar |
| 650 #0 - SUBJECT ADDED ENTRY--TOPICAL TERM | |
| 9 (RLIN) | 967 |
| Topical term or geographic name as entry element | DERECHO DE FAMILIA |
| 650 #0 - SUBJECT ADDED ENTRY--TOPICAL TERM | |
| 9 (RLIN) | 2342 |
| Topical term or geographic name as entry element | CAPACIDAD |
| 650 #0 - SUBJECT ADDED ENTRY--TOPICAL TERM | |
| 9 (RLIN) | 3271 |
| Topical term or geographic name as entry element | PERSONAS CON DISCAPACIDAD |
| 773 0# - HOST ITEM ENTRY | |
| Host Biblionumber | 2844 |
| Host Itemnumber | 3222 |
| Place, publisher, and date of publication | Buenos Aires : AbeledoPerrot, 1989- |
| Title | Derecho de familia. N° 116 - Septiembre 2024 |
| International Standard Book Number | 18511201 |
| 942 ## - ADDED ENTRY ELEMENTS (KOHA) | |
| Source of classification or shelving scheme | |
| Koha item type | Analítica Artículo de Revista |
No hay ítems disponibles.
